| 000 | 00569nam a22002177a 4500 | ||
|---|---|---|---|
| 005 | 20251201102119.0 | ||
| 007 | ta | ||
| 008 | 251201t2021 ck |||er|||| 000 1 spa d | ||
| 020 | _a9789585581524 | ||
| 040 | _cISTHMUS | ||
| 041 | _hspa | ||
| 082 |
_222 _a863.63 |
||
| 100 |
_aMontoya, Pablo _91 |
||
| 245 | 0 | 3 |
_aLa sombra de Orión / _cPablo Montoya. |
| 250 | _a1a ed | ||
| 260 |
_aBogotá: _bRandom House, _c2021 |
||
| 300 |
_a436 p. ; _c21 cm |
||
| 650 | 1 | 0 |
_aLITERATURA DEL SIGLO XXI _zCOLOMBIA _2LEMBP _92 |
| 650 | 1 | 0 |
_aCIENCIA FICCIÓN _zCOLOMBIA _93 |
| 942 |
_2ddc _cBK _n0 |
||
| 999 |
_c1 _d1 |
||